Evaluación de proyectos sociales /

Saved in:
Bibliographic Details
Main Author: Cohen, Ernesto
Corporate Authors: ILPES, ONU CIDES
Other Authors: Franco, Rolando
Format: Text
Published: Buenos Aires: Grupo Editor Latinoamericano
Tags: Add Tag
No Tags, Be the first to tag this record!

MARC

LEADER 00000 a a2200000 04500
001 22916
003
040
020 |a 950-694-018-5  
090 |a 158300  
100 |a Cohen, Ernesto  
110 |a ILPES  
245 |a Evaluación de proyectos sociales /  |c ILPES  
260 |a Buenos Aires:   |b Grupo Editor Latinoamericano  
300 |a 341 p.  
700 |a Franco, Rolando  
710 |a ONU   |a CIDES  
999 |c 5747  |d 5747